| 000 | 00544nam a2200205Ia 4500 | ||
|---|---|---|---|
| 003 | OSt | ||
| 005 | 20260218150841.0 | ||
| 020 | _a978-0324-02542-4 | ||
| 040 | _cLC | ||
| 050 | _aHF 5635. W 37 2002 | ||
| 100 | _aWARREN, CARL S | ||
| 245 | 0 | _aAccounting | |
| 250 | _a20 | ||
| 260 |
_aNATORP BOULEVARD, MASON, OHIO, _bSOUTH-WESTERN THOMSON LEARNING, _c2001, |
||
| 300 | _aXXii, 1016 P, ILL | ||
| 500 | _aINCLUDES BIBLIOGRAPHICAL REFERENCES AND INDEX | ||
| 650 | _a Accounting | ||
| 700 | _aREEVE JAMES M, FESS PHILIP E | ||
| 942 |
_cBK _2lcc |
||
| 999 |
_c82476 _d82476 |
||